Bro Comedy Movies Sudden Death - Statistics

General Stats
  • This quiz has been taken 114 times
  • The average score is 11 of 15
Answers on the Grid
Answers color-coded by a green-red scale on the quiz's grid according to % correct below.
13 Going on 30
27 Dresses
Anchorman
Bridesmaids
Clueless
Confessions of a Shopaholic
Crossroads
Forgetting Sarah Marshall
Get Hard
Grown Ups
Hall Pass
Knocked Up
Legally Blonde
Mean Girls
Old School
Pineapple Express
Pitch Perfect
Project X
Sex and the City
Someone Great
Step Brothers
Superbad
That’s My Boy
The 40-Year-Old Virgin
The Devil Wears Prada
The House Bunny
The Interview
The Princess Diaries
What a Girl Wants
You Don’t Mess with the Zohan
 
Answer Stats
Answer % Correct
Anchorman
89%
Step Brothers
86%
Superbad
83%
Get Hard
81%
Grown Ups
80%
The 40-Year-Old Virgin
75%
Project X
74%
Old School
69%
You Don’t Mess with the Zohan
69%
Pineapple Express
68%
That’s My Boy
68%
The Interview
65%
Knocked Up
58%
Hall Pass
57%
Forgetting Sarah Marshall
51%
No matching quizzes found
Score Distribution
Percent of People with Each Score
Percentile by Number Answered
Your Score History
You have not taken this quiz